| 000 | 00704cab a2200217 4500 | ||
|---|---|---|---|
| 001 | WB2837-25 | ||
| 008 | 090401t1992 xxu||||| |||| 00| 0 eng d | ||
| 035 | _a(Sirsi) u19161 | ||
| 041 | _aeng | ||
| 245 | _aListed buildings | ||
| 260 | _c1992 | ||
| 350 | _a0 | ||
| 490 |
_aRICS Press Release _v(PR108/92) 18 September 1992 (5) |
||
| 520 | _aThe RICS and English Heritage have joined forces to form a series of working parties in the light of increasing concern for the future of listed buildings. | ||
| 650 | _aFLOOR LOADING | ||
| 650 | _aLISTED BUILDINGS | ||
| 650 | _aBUILT ENVIRONMENT-BUILDING MAINTENANCE AND REFURBISHMENT | ||
| 690 | _aCONSERVATION | ||
| 942 | _n0 | ||
| 948 | _c04/03/1997 | ||
| 999 |
_c12763 _d12763 |
||